| LDR | | 02023cmm uu200445Ka 4500 |
| 001 | | 000000301725 |
| 003 | | OCoLC |
| 005 | | 20230519143712 |
| 006 | | m o d |
| 007 | | cr cnu---unuuu |
| 008 | | 130716s2013 cau o 001 0 eng d |
| 020 | |
▼a 9781440829666 (electronic bk.) |
| 020 | |
▼a 1440829667 (electronic bk.) |
| 020 | |
▼z 9781440829659 |
| 020 | |
▼z 1440829659 |
| 035 | |
▼a (OCoLC)852899007 |
| 040 | |
▼a N$T
▼c N$T
▼d E7B
▼d WAU
▼d 248032 |
| 049 | |
▼a K4RA |
| 050 | 4 |
▼a BV639.M56
▼b Q44 2013eb |
| 072 | 7 |
▼a REL
▼x 012110
▼2 bisacsh |
| 072 | 7 |
▼a REL
▼x 070000
▼2 bisacsh |
| 082 | 04 |
▼a 261.8/35766
▼2 23 |
| 245 | 00 |
▼a Queering Christianity
▼h [electronic resource] :
▼b finding a place at the table for LGBTQI Christians /
▼c Robert E. Shore-Goss, Thomas Bohache, Patrick S. Cheng, and Mona West, editors. |
| 260 | |
▼a Santa Barbara, California :
▼b Praeger,
▼c 2013. |
| 300 | |
▼a 1 online resource (vii, 424 p.) |
| 500 | |
▼a Includes index. |
| 520 | |
▼a "A fascinating read for anyone seeking to understand the conflict between Christianity and LGBTQI individuals, this book is, as its editors proclaim, "a fearlessly wide vision of queer Christians finding a place within Christianity--and claiming their authentic experience and voice.""--
▼c Provided by publisher. |
| 588 | |
▼a Description based on print version record. |
| 650 | 0 |
▼a Church and minorities. |
| 650 | 0 |
▼a Homosexuality
▼x Religious aspects
▼x Christianity. |
| 650 | 7 |
▼a RELIGION / Christian Life / Social Issues.
▼2 bisacsh |
| 650 | 7 |
▼a RELIGION / Christianity / General.
▼2 bisacsh |
| 655 | 4 |
▼a Electronic books. |
| 700 | 1 |
▼a Shore-Goss, Robert. |
| 776 | 08 |
▼i Print version:
▼t Queering Christianity.
▼d Santa Barbara, California : Praeger, 2013
▼z 9781440829659
▼w (DLC) 2013006776
▼w (OCoLC)837922404 |
| 856 | 40 |
▼3 EBSCOhost
▼u http://search.ebscohost.com/login.aspx?direct=true&scope=site&db=nlebk&db=nlabk&AN=608804 |
| 938 | |
▼a EBSCOhost
▼b EBSC
▼n 608804 |
| 938 | |
▼a ebrary
▼b EBRY
▼n ebr10733127 |
| 990 | |
▼a 관리자 |
| 994 | |
▼a 92
▼b K4R |